ბათუმის შოთა რუსთაველის სახელმწიფო უნივერსიტეტის ბიბლიოთეკა

საკოლმეურნეო წყობილების შემდგომი განვითარებისა და მანქანა-ტრაქტორთა სადგურების რეორგანიზაციის შესახებ ; კანონი საკოლმეურნეო წყობილების შემდგომი განვითარებისა და მანქანა-ტრაქტორთა სადგურების რეორგანიზაციის შესახებ : (ბიბ.ჩანაწერი № 63458)

000 -ლიდერი
ფიქსირებული სიგრძის საკონტროლო ველი 01765nam a22001937a 4500
003 - საკონტროლო ნომრის იდენტიფიკატორი
საკონტროლო ველი Ge_BSU
005 - ბოლო ოპერაციის თარიღი და დრო
საკონტროლო ველი 20251013210046.0
008 - ფიქსირებული სიგრძის მონაცემთა ელემენტები - ზოგადი ინფორმაცია
ფიქსირებული სიგრძის საკონტროლო ველი 251013s1958 ge ||||| |||| 00| 0 geo d
041 ## - ენის კოდი
Language code of text/sound track or separate title geo
080 ## - უნივერსალური ათობითი კლასიფიკაციის ინდექსი
Universal Decimal Classification number 631.115.6 + 328(47+57) ხ-87
100 ## - მთავარი ჩანაწერი - პიროვნების სახელი
Personal name ხრუშჩოვი, ნ.ს.
9 (RLIN) 26023
245 ## - ცნობა სათაურის შესახებ
Title საკოლმეურნეო წყობილების შემდგომი განვითარებისა და მანქანა-ტრაქტორთა სადგურების რეორგანიზაციის შესახებ ; კანონი საკოლმეურნეო წყობილების შემდგომი განვითარებისა და მანქანა-ტრაქტორთა სადგურების რეორგანიზაციის შესახებ :
Remainder of title მოხსენება და საბოლოო სიტყვა სსრ კავშირის მეხუთე მოწვევის უმაღლესი საბჭოს 1 სესიაზე 1958 წლის 27 და 31 მარტს /
Statement of responsibility, etc ნ.ს. ხრუშჩოვი.
264 ## - წარმოების, გამოცემის, დისტრიბუციის და სხვა ცნობები
გამოცემის, წარმოების, დისტრიბუციის... ადგილი თბილისი :
გამოცემის, წარმოების, დისტრიბუციის... სახელწოდება საბჭ. საქართველო,
გამოცემის, წარმოების, დისტრიბუციის... თარიღი 1958.
300 ## - ფიზიკური აღწერა
Extent 94 გვ. ;
Other physical details 20 სმ.
653 ## - INDEX TERM--UNCONTROLLED
Uncontrolled term საკოლმეურნეო წყობილება საბჭოთა კავშირში
653 ## - INDEX TERM--UNCONTROLLED
Uncontrolled term მანქანა-ტრაქტორთა სადგურები საბჭოთა კავშირში
653 ## - INDEX TERM--UNCONTROLLED
Uncontrolled term სსრ კავშირის უმაღლესი საბჭოს სესიები
942 ## - ADDED ENTRY ELEMENTS (KOHA)
Source of classification or shelving scheme
Koha item type წიგნი
ეგზემპლარები
ჩამოწერის სტატუსი დაკარგული ეგზემპლარის სტატუსი კლასიფიკაციის წყარო ან თაროზე გაწყობის სქემა დაზიანების სტატუსი არ გაიცემა მუდმივი მდებარეობა (დაცვის ადგილი) ამჟამინდელი ადგილსამყოფელი თაროზე განთავსების ადგილი შეძენის თარიღი ღირებულება, შესყიდვის ნორმალური ფასი სრული შენახვის შიფრი შტრიხკოდი ბოლო ოპერაციის თარიღი ეგზემპლარის მიმდევრობითი ნომერი (კეტერი?) ფასის ძალაში შესვლის თარიღი ეგზემპლარის სახეობა საჯარო შენიშვნა
          ბათუმის შოთა რუსთაველის სახელმწიფო უნივერსიტეტის მთავარი ბიბლიოთეკა ბათუმის შოთა რუსთაველის სახელმწიფო უნივერსიტეტის მთავარი ბიბლიოთეკა წიგნსაცავი 2025-10-15 0.00 631.115.6 + 328(47+57) ხ-87 72697 2025-10-15 72697 2025-10-15 წიგნი 0,18თ.